Evaluación preliminar del uso de un puente, como solución típica al problema de curvas de radios reducidos en carreteras de zonas montañosas
Na minha lista:
| Autor principal: | |
|---|---|
| Outros Autores: | |
| Formato: | Livro |
| Publicado em: |
[San José, Costa Rica]
2007
|
| Assuntos: | |
| Tags: |
Adicionar Tag
Sem tags, seja o primeiro a adicionar uma tag!
|
MARC
| LEADER | 00000nam a2200000Ia 4500 | ||
|---|---|---|---|
| 003 | 009950 | ||
| 005 | 20240314115638.0 | ||
| 008 | 140114s2007 cr a 000 ||s d | ||
| 040 | |c cru CEDI | ||
| 090 | |a TFG 5478 | ||
| 100 | |a Steller Segura, Francisco, 1981- |9 2643 | ||
| 245 | |a Evaluación preliminar del uso de un puente, como solución típica al problema de curvas de radios reducidos en carreteras de zonas montañosas | ||
| 260 | |b [San José, Costa Rica] |c 2007 | ||
| 300 | |a xvi, 223 hojas; ilustraciones a color, mapas color | ||
| 500 | |a Proyecto de graduación(licenciatura en ingeniería civil)--Universidad de Costa Rica. Facultad de Ingeniería. Escuela de Ingeniería Civil | ||
| 501 | |a Director del Proyecto de Graduación: Ing. William Vargas Monge, Ph.D. | ||
| 650 | |x INGENIERÍA DEL TRÁNSITO |x ESPECIFICACIONES |x CONSTRUCCION DE PUENTES |x PILOTES (INGENIERIA CIVIL) |x CURVAS EN INGENIERIA |9 4818 | ||
| 700 | |a Vargas Monge, William, 1961- |d Director del TFG |9 546 | ||
| 942 | |c TFG |e TFG 5478 |h 009950 |6 009950_000000000000000 | ||
| 999 | |c 16799 |d 16799 | ||
